000 00961nab a22002417a 4500
999 _c5440
_d5440
003 OSt
005 20250909103845.0
008 190604e xxu||||| |||| 00| 0 spa d
040 _cPJ
100 _95054
_aSeda, Juan Antonio
245 1 3 _aEl plazo del Certificado Único de Discapacidad /
_cJuan Antonio Seda.
260 _aCiudad Autónoma de Buenos Aires :
_bThomson Reuters La Ley,
_c2025.
300 _ap. 109-111
500 _aCita Online: TR LALEY AR/DOC/285/2025.
505 _t¿Te interesa el texto completo? Solicitalo al correo: koha@justierradelfuego.gov.ar
650 0 _94514
_aSALUD PUBLICA
650 0 _93271
_aPERSONAS CON DISCAPACIDAD
650 0 _96450
_aCERTIFICADO DE DISCAPACIDAD
650 0 _96430
_aINVERSIONES
650 0 _94531
_aDECRETO REGLAMENTARIO
773 0 _02714
_93171
_dCiudad Autónoma de Buenos Aires : Thomson Reuters La Ley, 2014-
_tRevista anales de legislación argentina. Nº 4 - Abril 2025.
942 _2udc
_cANA